| 000 | 00728cab a2200217 4500 | ||
|---|---|---|---|
| 001 | WB3219-56 | ||
| 008 | 090401t1996 xxu||||| |||| 00| 0 eng d | ||
| 035 | _a(Sirsi) u1988 | ||
| 041 | _aeng | ||
| 245 | _aClient accounts yield windfall payments | ||
| 260 | _c1996 | ||
| 350 | _a0 | ||
| 490 |
_aCSM (Chartered Surveyor Monthly) _v5(8) May 1996, 59(1) |
||
| 520 | _aClients` funds held in building society accounts that are subject to takeover or conversion to banks, are giving rise to windfall payments either in cash or shares. | ||
| 650 | _aBUILDING SOCIETIES | ||
| 650 | _aCLIENTS MONEY | ||
| 650 | _aMERGERS | ||
| 690 | _aMANAGEMENT-BUSINESS MANAGEMENT-PROFESSIONAL PRACTICE | ||
| 942 | _n0 | ||
| 948 | _c04/03/1997 | ||
| 999 |
_c1174 _d1174 |
||